[Event "Moscow Aeroflot op-A1"]
[Site "Moscow"]
[Date "2008.02.16"]
[Round "3"]
[White "Al Sayed, Mohammed"]
[Black "Pashikian, Arman"]
[Result "0-1"]
[WhiteElo "2486"]
[BlackElo "2556"]
[Annotator "Reeh,O"]
[PlyCount "70"]
[EventDate "2008.02.14"]
[EventType "swiss"]
[EventRounds "9"]
[EventCountry "RUS"]
[SourceTitle "CBM 123"]
[Source "ChessBase"]
[SourceDate "2008.04.02"]
[SourceVersion "1"]
[SourceVersionDate "2008.04.02"]
[SourceQuality "1"]

1. d4 Nf6 2. c4 e6 3. g3 d5 4. Nf3 Bb4+ 5. Bd2 Be7 6. Bg2 c6 7. O-O O-O 8. Qb3
Nbd7 9. Bf4 b6 10. Nc3 Bb7 11. Rfd1 Nh5 12. Ne5 Nxe5 13. dxe5 Nxf4 14. gxf4 f5
15. e3 Kh8 16. Ne2 Rg8 17. Nd4 Qd7 18. cxd5 cxd5 19. Kh1 Rac8 20. Qd3 Rc5 21.
Qe2 a5 22. a3 Bc8 23. b4 Rc7 24. Rdb1 Rc4 25. Qd2 Bd8 26. h3 Qe7 27. bxa5 bxa5
28. Rb8 Bc7 29. Ra8 a4 30. Qb2 g5 31. Ne2 $2 {White had to counter Black's
pressure in the g-file immediately. Weiß musste unbedingt sofort in der
g-Linie gegenhalten.} (31. Rg1 $1 {was okay, when Black should not be too
optimistic: war okay, wonach Schwarz nicht zu optimistisch sein sollte:} gxf4
$2 {Opening the g-file... for whom? Öffnet die g-Linie... für wen?} {[%tqu
"En","With 31...gxf4 Black has just opened the g-file for his rook. How do you
react?","For HIS rook?","Try to swap the piece which keeps the black camp
together!","g2d5","Boom!  This hammerblow forces the exchange of rooks in the
g-file, after which there is just too much hanging in Black's camp - c4, c8,
e6, f5...",15,"De","Mit 31...gxf4 hat Schwarz gerade die g-Linie für seinen
Turm geöffnet. Wie reagieren Sie?","Für SEINEN Turm?","Versuchen Sie, die
Figur zu tauschen, welche das schwarze Lager zusammenhält!","g2d5","Bumm! 
Dieser Hammerschlag erzwingt den Turmtausch in der g-Linie, wonach im
schwarzen Lager einfach zu viel hängt - c4, c8, e6, f5...",15]} 32. Bxd5 $1 {
and White wins - after the exchange of rooks in the g-file there is just too
much hanging in Black's camp (c8, c4, e6, f5...) und Weiß gewinnt - nach dem
Turmtausch in der g-Line hängt im schwarzen Lager einfach zu viel (c8, c4, e6,
f5...).}) 31... gxf4 32. Nxf4 (32. exf4 Qc5 {is also very unpleasant. ist
ebenfalls sehr unangenehm.}) 32... Qg7 $1 {Now the tables have turned. Damit
hat sich das Blatt gewendet.} 33. Rg1 Bxe5 34. Qb6 {Allowing a drastic finish,
but White's position was lost anyway. Erlaubt ein drastisches Finale, aber
Weiß stand so oder so auf verlorenem Posten.} Bxf4 35. exf4 {[%tqu "En","Black
to play and win.","Beachten Sie die Motive: Deflection , Mate combination ,
Mate threat.","","c4c1","Deflecting the only defender of the Bg2.",10,"De",
"Schwarz zieht und gewinnt.","","","c4c1","Lenkt den einzigen Verteidiger des
Lg2 ab.",10]} Rc1 $1 {and Black triumphs in the g-file. und Schwarz
triumphiert in der g-Linie.} 0-1

[Event "Corus"]
[Site "Wijk aan Zee"]
[Date "2000.01.20"]
[Round "5"]
[White "Kramnik, Vladimir"]
[Black "Lputian, Smbat G"]
[Result "1-0"]
[WhiteElo "2758"]
[BlackElo "2605"]
[Annotator "Ribli,Z"]
[PlyCount "99"]
[EventDate "2000.01.15"]
[EventType "tourn"]
[EventRounds "13"]
[EventCountry "NED"]
[EventCategory "18"]
[SourceTitle "CBM 075"]
[Source "ChessBase"]
[SourceDate "2000.04.05"]
[SourceVersion "1"]
[SourceVersionDate "2000.04.05"]
[SourceQuality "1"]

1. d4 {Hecht} d5 2. c4 e6 3. Nf3 Nf6 4. Nc3 Be7 5. g3 {Eine seltene Zugfolge -
die traditionellen Alternativen sind 5.Bg5 und 5.Bf4.} Nbd7 (5... O-O 6. Bg2
dxc4 7. Ne5 Nc6 {Das ist die prinzipielle Alternative, hier opfert Schwarz
einen Bauern (nach 8.Bxc6 bxc6 9.Nxc6 ist der c4P nicht zu halten) und bekommt
aktives Gegenspiel.}) 6. Bg2 O-O (6... dxc4 7. Nd2 (7. Qa4) 7... Nb6 8. Nxc4
Nxc4 9. Qa4+ $14) 7. O-O {Mit dieser Fortsetzung opfert Weiß den Pc4.} (7. Qb3)
(7. b3) 7... dxc4 8. e4 a6 {Kramnik spielt diese Variante mit beiden Farben.
In zwei früheren Partien spielte er bereits 8...c6, was - meiner Meinung nach
- die beste Fortsetzung ist.} (8... c6 $5 9. a4 e5 $5 10. dxe5 Ng4 11. Bf4 Qa5
12. e6 (12. Qd4 Rd8 13. Qxc4 Ndxe5 14. Nxe5 Nxe5 15. Qb3 b6 16. Rfd1 Bg4 {
0-1 Hudecek,J-Stern,R/Pardubice 1996/CBM 55 ext (42)}) (12. Qd2 Bb4 13. e6 fxe6
14. Bd6 Bxd6 15. Qxd6 Nde5 16. Nxe5 Nxe5 17. Qd4 Rd8 18. Qe3 Nd3 19. e5 Qxe5 {
0-1 Hausner,I-Kramnik,V/Germany 1993/GER-chT (49)}) 12... fxe6 13. Qe2 (13. Ng5
Nde5 14. Qe2 h6 15. Nh3 Bd7 16. Kh1 Be8 17. Bd2 Bh5 18. f3 Nf6 19. Nf4 Bf7 20.
Ncd5 Qd8 21. Nxe7+ Qxe7 22. Bc3 Ned7 {0-1 Skatchkov,P-Evseev,D/Tula 1999/EXT
2000 (50)}) 13... Nge5 14. Nd4 Nd3 $1 15. Nxe6 Rf6 16. Bc7 Qb4 17. Nd4 (17. Nf4
Qxb2 18. Qxb2 Nxb2 19. e5 $132) 17... Bc5 $1 {0-1 Topalov,V-Kramnik,V/Linares
1997/Inf 69/[Kramnik,V] (33)}) (8... c5 9. d5 $36) 9. a4 Rb8 (9... c5 10. d5
exd5 11. exd5 (11. e5 $5) 11... Nb6 12. Ne5 Bd6 13. f4 a5 14. h3 Re8 15. Nb5
Bxe5 16. fxe5 Rxe5 17. Bf4 Rxd5 18. Qe2 Rd7 19. Qf2 Nbd5 20. Be5 Ra6 21. Qxc5
Re6 22. Bd4 Ne4 23. Bxe4 Rxe4 24. Rae1 Rxe1 25. Rxe1 Re7 26. Rxe7 Nxe7 27. g4
Nc6 {0-1 Mochalov,E-Nielsen,P/Minsk 1993/CBM 36 (59)}) 10. a5 {Schwarz möchte
b7-b5 ziehen, um den Pc4 zu verteidigen. Weiß hingegen muss diesen Spielplan
durchkreuzen.} (10. Nd2 b5 11. e5 Nd5 12. Bxd5 exd5 13. Nxd5 Bb7 14. Nxe7+ Qxe7
15. Nf3 Qe6 16. Be3 Qd5 {0-1 Gruenberg,R-Stelting,T/GER-N chT 7879 1979/EXT 99
(16)}) 10... b5 11. axb6 Nxb6 (11... cxb6 $6 12. Bf4 Ra8 13. Nd2 $14 (13. d5
$36 {Ftacnik})) 12. Qe2 {Weiß hat dank seines starken Bauernzentrums
Raumvorteil, zudem besitzt Schwarz einen Doppelbauern auf der c-Linie.
Prinzipiell hat Weiß ausreichende Kompensation für den Bauern.} Bb7 (12... c5
13. Bf4 Rb7 14. Rfd1 $14 {Taimanov}) 13. Rd1 Bb4 14. Ne5 {Endlich macht sich
Weiß daran, den Pc4 zurück zu gewinnen - mit besserem Spiel.} a5 {[%cal Gb7a6,
Ga6e2]} 15. Na2 $146 (15. Bg5 h6 16. Bf4 Qe7 17. Na4 Nxa4 18. Rxa4 c3 19. bxc3
Bxc3 20. Rc4 Bb4 21. Nc6 Bxc6 22. Rxc6 Rfc8 23. Qc4 $44 {1/2-1/2 Ulibin,
M-Aseev,K/Elista 1994/CBM 44/[Moiseev] (37)}) (15. Bf4 Nfd7 16. Nf3 Rc8 17. Na2
Bd6 18. Bd2 Ra8 19. Nc3 Bb4 20. Bg5 Qc8 21. Na2 c5 22. Rac1 cxd4 23. Nxb4 axb4
24. Nxd4 Qc5 25. Be3 Qe7 26. Nb5 Ra2 {1/2-1/2 Skatchkov,P-Brodsky,M/Nizhnij
Novgorod 1998/EXT 2000 (46)}) 15... Ra8 (15... Be7 $5 {Mit 16.Nc3 könnte Weiß
Zugwiederholung anstreben. Es ist fraglich, ob er hier mehr hat.}) 16. Bg5 Be7
17. Nxc4 {Weiß hat keine Angst vor der möglichen Fesslung auf der Diagonalen
a6-f1.} (17. Nc3 $5) 17... Ba6 {Schwarz muss das Spiel verkomplizieren, sonst
muss er sich in eine passive Stellung ohne Gegenspiel fnden.} 18. b3 a4 $13 19.
Bxf6 (19. Nc3 axb3 20. Rxa6 Rxa6 21. Ne5 Qa8 $19 (21... Ra3 22. Nc6 Qd7 23.
Nxe7+ Qxe7 24. e5 Qb4 $17)) 19... axb3 (19... Bxf6 20. Nb4 $14) 20. Qg4 Bxf6
21. Nxb6 cxb6 (21... Rb8 22. e5 Be7 23. Nb4 $5 (23. Na4 bxa2 24. Rxa2 Bc4 $44)
23... Bxb4 24. Rxa6 Rxb6 25. Rxb6 cxb6 26. d5 $36) 22. e5 Be7 23. d5 {[%mdl 64]
Weiß verscmäht das Schlagen auf a8, sondern opfert Material für aktives Spiel.}
(23. Bxa8 Qxa8 24. Nc3 b2 25. Rab1 (25. Ra2 Rc8) 25... Qc6 {[%cal Ga6b7,Gb7h1,
Rc6c3]} 26. Ne4 Bb7 27. f3 Qc2 $13) 23... exd5 24. Bxd5 bxa2 25. Rxa2 {Weiß
hat eine Figur weniger, aber Schwarz muss etwas Material zurückgeben.} (25.
Bxf7+ Rxf7 26. Rxd8+ Rxd8 $19) 25... Qb8 26. Bxa8 Qxa8 27. Rd7 (27. Rda1 $2 Qc8
$19) 27... h5 28. Qf4 (28. Qxh5 Qc6 29. Rxe7 Qc1+ 30. Kg2 Bf1+ 31. Kf3 Qd1+ $19
) 28... Re8 29. Ra1 {[%cal Ga1a8]} Qc8 (29... b5 $5 30. Qd4 Qc6 31. Rxa6 Qxa6
32. Rxe7 Rxe7 33. Qd8+ Kh7 34. Qxe7 Qe6 $15) 30. e6 $1 fxe6 31. Rc7 Qd8 $2 (
31... Qa8 $5 32. Qa4 Bf6 (32... Qd8 33. Qc6 Bc8 34. Ra8) 33. Ra7 (33. Qxa6 Bxa1
34. Ra7 Qf3 35. Qxa1 e5 $15) 33... Qc8 (33... Qxa7 34. Qxe8+ Kh7 35. Qxh5+ $11)
34. Qxa6 Bxa1 35. Qxa1 e5 36. Qb1 Qc6 37. Qf5 Rf8 38. Qxe5 Qc1+ 39. Kg2 Qc6+
$11) 32. Rxa6 Rf8 33. Qc4 $16 {Schwarz behält nur einen Bauern für die
Qualität. Die weißen Figuren stehen sehr aktiv.} Qd1+ 34. Qf1 Qxf1+ 35. Kxf1 {
[%mdl 4096]} Bc5 {Hecht: '[#] '} 36. f4 g5 (36... e5 {Hecht} 37. Raa7) (36...
Bd4 {Hecht} 37. Rd7 e5 (37... Bf6 38. Rxb6 e5 39. f5 (39. Ke2 exf4 40. gxf4 $16
{und wir hätten ein nettes Gegenstück zur Nr. 41. Ein Gewinnweg müsste erst
noch gefunden werden. Im Falle von g6 hätte Weiß immerhin den Hebel f5.}) 39...
Bg5 40. Rxg7+ Kxg7 41. Rg6+ Kh7 42. Rxg5 Kh6 43. h4 Ra8 44. Rg6+ Kh7 45. Re6
Ra1+ 46. Kg2 Ra2+ 47. Kh3 Rf2 48. Rxe5 Kg7 $14) 38. Raa7 Kh8 39. Rxg7 exf4 40.
Rgf7 Rxf7 41. Rxf7 fxg3 42. hxg3 $18 {[%csl Rh5][%cal Rf7f5]}) 37. Raa7 Bd4 38.
Rd7 Bh8 39. Ra4 e5 40. f5 Rxf5+ 41. Ke2 Bg7 42. Ra6 b5 43. Rb6 g4 44. Ke3 Kh7
45. Ke4 Rg5 46. Rxb5 Kg6 47. Rbb7 Bf6 48. Rh7 h4 (48... Rf5 {Hecht} 49. Rh6+
Kxh6 50. Kxf5 Bg7 (50... Bd8 51. Rd7 Ba5 52. Rd6+ Kh7 53. Kg5 $18) 51. Rb6+ Kh7
52. Kg5 {[%csl Rg4,Rh5]}) (48... Bd8 {Hecht} 49. Rbg7+ Kf6 50. Rd7 Kg6 51.
Rhg7+ Kh6 52. Rgf7 Ba5 (52... Rg8 53. Rd6+ Kg5 54. Rf5#) (52... Kg6 53. Rf2 Ba5
54. Ra2 $18)) 49. Rxh4 Bg7 50. Ra7 1-0

[Event "Enghien les Bains"]
[Site "Enghien les Bains"]
[Date "2003.06.22"]
[Round "9"]
[White "Gelfand, Boris"]
[Black "Bauer, Christian"]
[Result "1-0"]
[WhiteElo "2700"]
[BlackElo "2582"]
[Annotator "Ribli,Z"]
[PlyCount "83"]
[EventDate "2003.06.13"]
[EventType "tourn"]
[EventRounds "9"]
[EventCountry "FRA"]
[EventCategory "17"]
[SourceTitle "CBM 096"]
[Source "ChessBase"]
[SourceDate "2003.09.25"]
[SourceVersion "1"]
[SourceVersionDate "2003.09.25"]
[SourceQuality "1"]

1. d4 {Ftacnik} Nf6 2. c4 e6 3. g3 d5 4. Bg2 Bb4+ {Dieses Zwischenschach ist
heutzutage auf Großmeisterebene sehr beliebt - die schwarze Idee besteht in
der Provokation des Zuges 5.Bd2, nach dem - in der geschlossenen Variante -
Weiß den Läufer nicht mehr mit b3, Bb2 entwickeln kann.} 5. Bd2 Be7 6. Nf3 O-O
7. O-O c6 8. Qb3 {Der Textzug ist gut spielbar, dennoch trifft man häufiger
auf 8.Qc2.} Nbd7 9. Bf4 (9. Bb4 b6 10. Bxe7 Qxe7 11. Nc3 Bb7 12. Rac1 Rac8 13.
Rfd1 dxc4 14. Qxc4 c5 15. Ne1 Bxg2 16. Nxg2 cxd4 {1/2-1/2 Andersson,U-Jussupow,
A/Germany 2003/CBM 94 (16)}) (9. Nc3 Nb6 $132) 9... Nh5 {Der Springerzug ist
ein zwar ein übliches Motiv in der Variante 4...Bb4+ 5.Bd2, aber in dieser
konkreten Variante gefällt es mir nicht. Besser wäre es, entweder die
Entwicklung mit 9...b6 fortzusetzen oder den Springer auf e4 zu postieren.} (
9... Ne4 10. Nc3 g5 11. Be3 Nd6 (11... f5 12. Rad1 h6 $13) 12. cxd5 cxd5 13.
Rad1 Nc4 14. Bc1 f5 15. h3 Ndb6 16. g4 f4 17. e4 Bd7 18. Rfe1 {1-0 Piket,J-Van
der Wiel,J/Amsterdam 2000/CBM 77 ext (26)}) (9... b6 10. Nc3 Bb7 11. Rac1) 10.
Be3 (10. Nc3 Nxf4 11. gxf4 Qb6 12. Rab1 Nf6 13. e3 Rd8 14. Qc2 dxc4 15. Ne5 Qa6
16. Qe2 c5 17. dxc5 Bxc5 18. Nxc4 Bb4 {1/2-1/2 Nikolaidis,I-Graf,A/Porto
Carras 1998/EXT 99 (18)}) 10... Nb6 (10... Nhf6 11. Nc3 Nb6 12. cxd5 exd5 13.
Rad1 Bf5 14. Ne5 Re8 15. a4 a5 16. h3 Bb4 17. g4 Bc8 18. Bg5 Qd6 19. f4 Nfd7
20. e4 {1-0 Gelfand,B-Tkachiev,V/Cap d'Agde 2002/CBM 92 (56)}) 11. Nbd2 (11. c5
{Ftacnik} Nd7 12. Nc3 b6 $132) 11... f5 {[%cal Gf5f4] Ftacnik: 'Bauer is not
hesitating and imprints his position character of the dutch Stonewall. His
hope is connected with the immediate counterplay tied to the advance f5-f4.'
Das ist eine logische Folge von 9...Nh5. Aber Weiß braucht vor f5-f4 keine
Angst zu haben.} (11... dxc4 {Ftacnik} 12. Nxc4 Nxc4 13. Qxc4 Nf6 14. Rfd1 $14)
12. Ne5 $14 {[%csl Ge5] Weiß beabsichtigt, selbst 13.f4 zu ziehen. Die
schwarze Antwort ist daher praktisch erzwungen.} f4 (12... g5 13. f3 $14 (13.
f4 g4 $14)) 13. Bxf4 Nxf4 (13... dxc4 $5 {Ftacnik} 14. Ndxc4 Nxf4 15. gxf4 Qxd4
16. e3 Qc5 (16... Qd8 17. Rfd1 Qc7 18. Be4 $14) 17. Rfc1 Bf6 18. Nd3 Qh5 19.
Nd6 $14) 14. gxf4 Rxf4 15. e3 Rf8 16. Rad1 {[%cal Gd1d8]} (16. f4 $14) 16...
Bf6 (16... Nd7 $5 {Ftacnik} 17. f4 (17. Nxd7 Qxd7 18. e4 dxc4 19. Nxc4 Bg5 $13)
17... Nxe5 18. fxe5 Rxf1+ 19. Rxf1 Qa5 $13) 17. f4 {[%csl Ge5] Weiß festigt
den Vorposten Ne5 - er ist der Stolz der weißen Stellung.} Qe7 18. Kh1 {
Ein starker prophylaktischer Zug - anschließend kann Weiß die g-Linie nutzen.
Schwarz hat Probleme bei der Entwicklung seines Damenflügels. Nach Bd7 muss er
immer mit c4-c5 rechnen.} Rb8 {Ftacnik: 'Black should probably not open up his
solid position out of principle, but the bishop's pair would naturally welcome
more space.'} (18... c5 {Ftacnik} 19. cxd5 cxd4 (19... Bxe5 20. fxe5 Rxf1+ 21.
Rxf1 exd5 22. Bxd5+ Nxd5 23. Qxd5+ Be6 24. Qxc5 Qxc5 25. dxc5 Rd8 26. Rf2 Rd3
27. e4 Bxa2 28. b3 $16) 20. d6 Qxd6 21. Ne4 Qe7 22. exd4 $14) 19. c5 Nd7 20.
Qa4 Ra8 (20... a6 $14 21. b4 $14 {Ftacnik}) 21. b4 {[%csl Gb4,Gc5,Rc8,Gd4,Ge3,
Ge5,Gf4][%cal Gb4b5][%mdl 32] Das ist die richtige weiße Strategie: Da er
seinen schwarzfeldrigen Läufer schon abgetauscht hat, kann er seine
Bauernmasse gut auf schwarze Felder stellen. Schwarz hat keine Hoffnung auf
Gegenspiel, und der Bc8 hat Entwicklungsprobleme.} Qe8 {Richtet sich gegen 22.
b5, denn auf 22.b5 antwortet Schwarz 22...Nxe5 und 23...cxb5.} 22. Rf3 $1 {
[%cal Gf3g3,Gd1g1] Ein sehr starker positioneller Zug - Weiß möchte seine
Figuren am Königsflügel konzentrieren.} Bd8 (22... g6 {Ftacnik} 23. Rg1 Bg7 24.
Qc2 $14) 23. Rg1 {'!' Ftacnik. Ftacnik: 'Gelfand cleverly concentrates his
forces on the kingside, semiopen g file invites to the build up of the direct
attack against the black king.'} Nxe5 24. dxe5 {[%cal Gd2b3,Gb3d4]} (24. fxe5
$14) 24... Bd7 25. Bf1 {[%cal Gf1d3,Gd3h7]} Qh5 (25... a5 26. Rfg3 Rf7 27. Bd3
$40) 26. Rfg3 g6 (26... Rf7 27. Nf3 $16) 27. Nf3 Be7 28. Nd4 $16 {[%csl Gd4]
Der Springer steht ausgezeichnet auf d4.} Qh6 29. Qc2 {[%cal Rg1g6,Rc2g6]
Jetzt droht schon 30.Rxg6+ mit sofortigem Gewinn.} Kf7 30. Rh3 Qg7 31. Bd3 {
[%csl Gc2,Gd3,Gd4,Gg1,Gh3][%cal Rh3h7,Rh7f7] Nunmehr lautet die Drohung 32.
Rxh7 Qxh7 33.Bxg6+ mit Gewinn.} Rg8 (31... Ke8 {Ftacnik} 32. Rxh7 $1 Qxh7 33.
Bxg6+ $18) 32. f5 $1 {[%csl Rf7][%mdl 128] Ftacnik: 'Bauer used a great effort
to defend all weaknesses around the king, white is much better prepared for
opening of the position.' Weiß hat starken Angriff - alle seine Figuren stehen
sehr aktiv.} exf5 33. Bxf5 Ke8 (33... Bxf5 34. Nxf5 $18) 34. e6 Bc8 35. b5 $1 {
Ftacnik: 'The questions about the difference in coordination of the forces of
two armies would in this moment be probably impolite.'} Bf6 36. bxc6 Bxd4 (
36... bxc6 37. Qa4 $18) 37. cxb7 Bxb7 38. Qa4+ $18 {[%csl Re8]} Kd8 39. exd4 {
Weiß hat bereits einen Bauern mehr, und die schwarze Königsstellung ist
katastrophal.} Rc8 40. Qd7+ $1 {Es gibt andere Gewinnwege, aber der Textzug
ist einfach.} (40. Bxg6 hxg6 41. Rxg6 $18) (40. Qxa7 $18) 40... Qxd7 41. exd7
Rb8 42. Rxh7 1-0